Management : (Record no. 3249)
[ view plain ]
| 000 -LEADER | |
|---|---|
| fixed length control field | nam a22 a 4500 |
| 005 - DATE AND TIME OF LATEST TRANSACTION | |
| control field | 20170522093925.0 |
| 008 - FIXED-LENGTH DATA ELEMENTS--GENERAL INFORMATION | |
| fixed length control field | 170522s1983 xxu ||b 001 ||eng d |
| 020 ## - INTERNATIONAL STANDARD BOOK NUMBER | |
| International Standard Book Number | 0135480655 |
| 040 ## - CATALOGING SOURCE | |
| Original cataloging agency | AKMAL |
| 082 ## - DEWEY DECIMAL CLASSIFICATION NUMBER | |
| Classification number | 658.4 ROB |
| 090 ## - LOCALLY ASSIGNED LC-TYPE CALL NUMBER (OCLC); LOCAL CALL NUMBER (RLIN) | |
| Classification number (OCLC) (R) ; Classification number, CALL (RLIN) (NR) | 658.4 |
| Local cutter number (OCLC) ; Book number/undivided call number, CALL (RLIN) | ROB |
| 100 ## - MAIN ENTRY--PERSONAL NAME | |
| Personal name | Robbins, Stephen P. |
| Dates associated with a name | 1943- |
| 9 (RLIN) | 5921 |
| 245 ## - TITLE STATEMENT | |
| Title | Management : |
| Remainder of title | concepts and practices / |
| Statement of responsibility, etc. | Stephen P. Robbins. |
| 260 ## - PUBLICATION, DISTRIBUTION, ETC. | |
| Place of publication, distribution, etc. | Englewood Cliffs, N.J. : |
| Name of publisher, distributor, etc. | Prentice-Hall, |
| Date of publication, distribution, etc. | 1984. |
| 300 ## - PHYSICAL DESCRIPTION | |
| Dimensions | cm |
| 852 ## - LOCATION | |
| Location | British Library |
| Sublocation or collection | DSC |
| 942 ## - ADDED ENTRY ELEMENTS (KOHA) | |
| Source of classification or shelving scheme | |
| Koha item type | Book |
| Withdrawn status | Lost status | Source of classification or shelving scheme | Damaged status | Not for loan | Collection code | Home library | Current library | Shelving location | Date acquired | Inventory number | Total Checkouts | Full call number | Barcode | Date last seen | Price effective from | Koha item type |
|---|---|---|---|---|---|---|---|---|---|---|---|---|---|---|---|---|
| NON-FICTION | AKMAL Melaka | AKMAL Melaka | PINJAMAN | 22.05.2017 | 001824 | 658.4 ROB | 201704220 | 22.05.2017 | 22.05.2017 | Book | ||||||
| NON-FICTION | AKMAL Melaka | AKMAL Melaka | PINJAMAN | 22.05.2017 | 001823 | 658.4 ROB | 201704221 | 22.05.2017 | 22.05.2017 | Book |
